00938nam a22002537a 450000500170000001000130001702000220003003500130005203700160006504000120008108200170009310000290011024500700013926000450020927000600025430000320031450000190034665000280036565000270039370000300042094200260045099900190047695201890049520170124110027.0 aA-583202 c00.00a8185198799 aA-583202 bCen Lib/Ret aDPLbEN a515.354bCAL aCallier, Frank M.920928 aLinear system theory /cby Frank M.Callier [and] Charles A.Desoer aNew DelhibNarosa Publishing Housec1991 a6, Community Centre, Panchsheel ParkbNew Delhie110017 axiv,509p. :c20cm(Hb)bill. aIncludes index aSystem analysis.915673 aControl theory.919472 aDesoer, Charles A.920929 2ddccENh515.354mCAL c127584d127584 04104070aLbLd2015-06-30eCen Lib/Retg0.00l0o515.354 CALpA-583202r2015-06-30 00:00:00t1v0.00w2015-06-30yENzWritten off on approval by DLB (By Circulation); dtd 15-06-2023